00706namaa2200217 4500001000700000003000900007005001700016008004100033020001800074040002900092080001100121100003200132245009100164260007200255300003400327490003800361500001400399650001600413830003800429852002100467173712ES-MaACL20230906215325.0100113s1985 sp d |||| | spa d a84-86192-45-1 aIBH bspa cSpMaBN erdc a159.951 aJimeno Valdés, Agustín.10aConsciencia, conscienciación y psico-sociopatología / cAgustín Jimeno Valdés. aValladolid : bUniversidad, Secretariado de Publicaciones, c[1985] a189 p. : bgráf. ; c20 cm.1 aLibro de bolsillo. Medicina ; v1 aÍndice. 4aConciencia.0 aLibro de bolsillo. Medicina ; v1 aES-MaACLjL-8733